000 00743cab a2200229 4500
001 WB3442-14
008 090401t1998 xxu||||| |||| 00| 0 eng d
035 _a(Sirsi) u89450
041 _aeng
245 _aMotorway service station update
260 _c1998
350 _a0
490 _aEstates Gazette
_v(9844) 31 October 1998, 40(1)
520 _aGranada is planning to spend £10m on extending 20 motorway service stations into shopping malls which will include the presence of high street retailers.
650 _aGRANADA
650 _aHIGH STREET RETAILERS
650 _aMOTORWAY SERVICE STATIONS
650 _aSHOPPING MALLS
690 _aPROPERTY-COMMERCIAL PROPERTY-RETAIL PROPERTY
942 _n0
948 _c03/11/1998
999 _c56591
_d56591